banner-ar

المومياوات المصرية من الموت الى الخلود / (Record no. 47864)

MARC details
000 -الفاتح
حقل البيانات ثابتة الطول 00764nam a2200253Ia 4500
008 - عناصر البيانات ثابتة الطول - معلومات عامة
حقل البيانات ثابتة الطول 140319s9999 xx 000 0 ara d
040 ## - مصدر الفهرسة
وكالة الفهرسة الأصلية GCL /
وكالة النسخ GCL
082 04 - رقم تصنيف ديوى العشرى
رقم التصنيف ق
رقم المادة 579.40932
-- ف ا
100 1# - المدخل الرئيسى - إسم شخصى
الإسم الشخصى ماهر جويجاتى
245 10 - بيان العنوان
العنوان المومياوات المصرية من الموت الى الخلود /
بيان المسئوليه,etc ماهر جويجاتى
700 1# - المدخل الاضافى - اسم شخصى
الإسم الشخصى دونان، فرانسواز
700 1# - المدخل الاضافى - اسم شخصى
الإسم الشخصى ليشتنبرج، روجية
300 ## - الوصف المادى
التعداد 134 ص
490 ## - بيان السلسلة
عنوان السلسلة
650 04 - المدخل الاضافى بالموضوع-مصطلح موضوعى
مصطلح موضوعي المقابر
650 04 - المدخل الاضافى بالموضوع-مصطلح موضوعى
مصطلح موضوعي الموت
650 04 - المدخل الاضافى بالموضوع-مصطلح موضوعى
مصطلح موضوعي الاثار الفرعونية
650 04 - المدخل الاضافى بالموضوع-مصطلح موضوعى
مصطلح موضوعي التحنيط عند الفراعنة
650 04 - المدخل الاضافى بالموضوع-مصطلح موضوعى
مصطلح موضوعي المومياءات
650 04 - المدخل الاضافى بالموضوع-مصطلح موضوعى
مصطلح موضوعي الميت دفن
650 04 - المدخل الاضافى بالموضوع-مصطلح موضوعى
مصطلح موضوعي التحنيط
942 ## - عناصر المدخل الإضافي( كوها)
مصدر التصنيف او مخطط الترفيف Dewey Decimal Classification
Koha [default] item type كتاب
Holdings
حالة التراجع حالة الفقد حالة تلف ليس للاعارة المكان المؤقت الموقع الحالى تاريخ الاكتساب اجمالي اﻻعارات رقم الطلب الباركود تاريخ اخر مشاهدة تاريخ تفعيل السعر نوع وعاء كوها
        مكتبة القاهرة الكبرى مكتبة القاهرة الكبرى 03/26/2014   ق\579.40932\ف ا 115421 03/26/2014 03/26/2014 كتاب
        مكتبة القاهرة الكبرى مكتبة القاهرة الكبرى 03/26/2014   ق\579.40932\ف ا 115422 03/26/2014 03/26/2014 كتاب

Powered By

EGPV